Cuentos de la calle : antología del cuento colombiano contemporáneo (Registro nro. 3381)
[ vista simple ]
| 000 -CABECERA | |
|---|---|
| Longitud fija campo de control | 01108nam a2200313 i 4500 |
| 005 - • FECHA Y HORA DE LA ÚLTIMA TRANSACCIÓN | |
| Fecha y hora de la última transacción | 20220317000211.0 |
| 007 - • CAMPO FIJO DE DESCRIPCIÓN FÍSICA | |
| Campo fijo de descripción física | ta |
| 008 - • CÓDIGOS DE INFORMACIÓN DE LONGITUD FIJA | |
| Códigos de información de longitud fija | 190320s2012 ck gr 000 j spa d |
| 020 ## - • NÚMERO INTERNACIONAL NORMALIZADO PARA LIBROS | |
| Número Internacional Normalizado para Libros (ISBN) | 9789584503138 |
| 040 ## - FUENTE DE LA CATALOGACIÓN | |
| Centro catalogador de origen | CO-BoRNBP |
| Lengua de catalogación | spa |
| Normas de descripción | rda |
| Centro transcriptor | CO-BoRNBP |
| 041 0# - • CÓDIGO DE LENGUA | |
| Código de lengua del texto/banda sonora o título independiente | spa |
| 043 ## - CÓDIGO DE ÁREA GEOGRÁFICA | |
| Código de área geográfica | s-ck--- |
| 084 ## - • Clasificación Local Alfanúmerica PNLB | |
| Número de clasificación | C CUE106 |
| 100 1# - • PUNTO DE ACCESO PRINCIPAL-NOMBRE DE PERSONA | |
| Nombre de persona | Twain, Mark, |
| Fechas asociadas al nombre | 1835-1910, |
| Término indicativo de función | autor |
| 245 10 - • TITULO PROPIAMENTE DICHO | |
| Título | Cuentos de la calle : antología del cuento colombiano contemporáneo |
| Mención de responsabilidad, etc. | selección y ensayo de Francisco Soler, editora Cristina Puerta Duviau |
| 250 ## - • MENCIÓN DE EDICIÓN | |
| Mención de edición | Primera edición |
| 264 #1 - PRODUCCIÓN, PUBLICACIÓN , DISTRIBUCIÓN, FABRICACIÓN Y COPYRIGHT | |
| Lugar de producción, publicación, distribución, fabricación | Bogotá |
| Nombre del productor, editor, distribuidor, fabricante | Norma |
| Fecha de de producción, publicación, distribución, fabricación o copyright | 2012 |
| 300 ## - • DESCRIPCIÓN FÍSICA | |
| Extensión | 73, 83 (Paginación variada) |
| Dimensiones | 23 cm |
| 336 ## - TIPO DE CONTENIDO | |
| Término de tipo de contenido | texto |
| Código de tipo de contenido | txt |
| Fuente | rdacontent |
| 337 ## - TIPO DE MEDIO | |
| Nombre del tipo de medio | sin mediación |
| Código del tipo de medio | n |
| Fuente | rdamedia |
| 338 ## - TIPO DE SOPORTE | |
| Nombre del tipo de soporte | volumen |
| Código del tipo de soporte | nc |
| Fuente | rdacarrier |
| 650 17 - • PUNTO DE ACCESO ADICIONAL DE MATERIA - TÉRMINO DE MATERIA | |
| Término de materia o nombre geográfico como elemento inicial | Cuentos colombianos |
| Subdivisión cronológica | Siglo XIX |
| Fuente del encabezamiento o término | ARMARC |
| 650 17 - • PUNTO DE ACCESO ADICIONAL DE MATERIA - TÉRMINO DE MATERIA | |
| Término de materia o nombre geográfico como elemento inicial | Literatura colombiana |
| Subdivisión cronológica | Siglo XIX |
| Fuente del encabezamiento o término | ARMARC |
| 650 17 - • PUNTO DE ACCESO ADICIONAL DE MATERIA - TÉRMINO DE MATERIA | |
| Término de materia o nombre geográfico como elemento inicial | Ciudades y pueblos |
| Subdivisión de forma | Cuentos |
| Fuente del encabezamiento o término | ARMARC |
| 700 1# - • PUNTO DE ACCESO ADICIONAL - NOMBRE DE PERSONA | |
| Nombre de persona | Fuenmayor, José Félix, |
| Fechas asociadas al nombre | 1885-1966 |
| 700 1# - • PUNTO DE ACCESO ADICIONAL - NOMBRE DE PERSONA | |
| Nombre de persona | Soler, Francisco, |
| Término indicativo de función | compilador |
| 700 1# - • PUNTO DE ACCESO ADICIONAL - NOMBRE DE PERSONA | |
| Nombre de persona | Puerta Duviau, Cristina, |
| Término indicativo de función | editora |
| 942 ## - ENTRADA DE ELEMENTOS AGREGADOS (KOHA) | |
| Fuente de clasificaión o esquema | |
| Koha [por defecto] tipo de item | Libro Literatura |
| Perdido | Fuente de clasificación o esquema | Estado Físico | No para préstamo | Forma de adquisición | Localización permanente | Localización actual | Localización en estanterías | Fecha adquisición | Préstamos totales | Signatura completa | Código de barras | Fecha última consulta | Número de copia | Fecha del precio de reemplazo | Tipo de item de Koha |
|---|---|---|---|---|---|---|---|---|---|---|---|---|---|---|---|
| Dewey Decimal Classification | Colección General | Biblioteca Pública Mapiripan - Jorge Eliecer Gaitán | Biblioteca Pública Mapiripan - Jorge Eliecer Gaitán | Literatura | 01/24/2025 | C CUE106 | MPJG0139 | 01/24/2025 | Ej.1 | 01/24/2025 | Libro Literatura | ||||
| Dewey Decimal Classification | Colección General | Biblioteca Pública Medellin del Ariari - El Castillo | Biblioteca Pública Medellin del Ariari - El Castillo | Literatura | 11/16/2024 | CUE106 | BM0000730 | 11/16/2024 | Ej.1 | 11/16/2024 | Libro Literatura |